Statistics for The Office Characters

Click here to take the quiz!

General Stats

  • This quiz has been taken 642 times
  • The average score is 30 of 37

Answer Stats

Seasons Character Occupation Actor/Actress Episodes % Correct
One-NineDwight SchruteHead of Sales/Regional ManagerRainn Wilson188
99%
One-NinePam HalpertReceptionist/Salesman/Office ManagerJenna Fischer188
99%
One-NineJim HalpertSalesman/Co-Regional ManagerJohn Krasinski188
99%
One-NineAngela MartinHead of AccountingAngela Kinsey188
98%
One-NinePhyllis VanceSalesmanPhyllis Smith188
98%
One-NineOscar MartinezAccountantOscar Nuñez177
98%
One-NineCreed BrattonHead of Quality AssuranceCreed Bratton180
97%
One-NineRyan HowardTemp/Vice President/Junior Sales RepB.J. Novak168
97%
One-NineMichael ScottRegional Manager/Co-ManagerSteve Carrell139
97%
One-NineKevin MaloneAccountantBrian Baumgartner188
96%
One-NineKelly KapoorHead of Customer ServiceMindy Kaling161
96%
One-NineToby FlendersonHuman ResourcesPaul Lieberstein142
96%
Two-NineAndy BernardSalesman/Regional ManagerEd Helms152
95%
One-NineStanley HudsonSalesmanLeslie David Baker188
94%
Five-NineErin HannonReceptionistEllie Kemper102
90%
One-NineMeredith PalmerHead of Supplier RelationsKate Flannery187
90%
One-NineJan LevinsonVice Presdient of Dunder MifflinMelora Hardin42
89%
One-NineDarryl PhilbinHead of the WarehouseCraig Robinson120
87%
One-NineBob VanceOwner of Vance RefrigerationRobert R. Shafer25
84%
Four-SevenHolly FlaxHuman ResourcesAmy Ryan17
83%
Two-NineDavid WallacePresident/Owner of Dunder MifflinAndy Buckley37
83%
Seven-EightRobert CaliforniaCEO of SabreJames Spader25
80%
Two-SevenKaren FillippelliSalesmanRashida Jones26
77%
Two-NineMose SchruteBeet FarmerMichael Schur13
77%
Six-SevenJo BennettCEO/Owner of SabreKathy Bates8
74%
One-EightRoy AndersonWarehouse WorkerDavid Denman31
73%
One-NineTodd PackerTraveling SalesmanDavid Koechner15
71%
Six-NineGabe LewisRegional Director of SalesZach Woods51
69%
NineClark DukeCustomer Service/Junior Sales RepClark Duke19
65%
Seven-NineNellie BertramRegional Manager/Special ProjectsCatherine Tate34
65%
NinePete MillerCustomer ServiceJake Lacy21
64%
SevenDeangelo VickersRegional ManagerWill Ferrell4
60%
One-NineHankBuilding Security GuardHugh Dane22
58%
Seven-NineValWarehouse ForemanAmeenah Kaplan14
46%
Six-NineRobert LiptonState SenatorJack Coleman14
42%
Seven-EightCathy SimmsTemporary SalesmanLindsey Broad12
37%
Six-NineNateWarehouse WorkerMark Proksch19
32%

Score Distribution

Percentile by Number Answered

Percent of People with Each Score

Your Score History

You have not taken this quiz